|
|
|
|
| LEADER |
00000ny a22000003n 4500 |
| 005 |
2011052601581.0 |
| 008 |
080701s2003 sp s 000 0 spa c |
| 020 |
|
|
|a 849745023X
|
| 035 |
|
|
|a 315
|
| 040 |
|
|
|a UMA.RE
|d vLex
|
| 080 |
|
|
|a 004.738.52.056(0.034)
|
| 090 |
|
|
|c 290
|d 290
|
| 100 |
1 |
|
|a Martn̕ ℓvila, Antoni
|
| 245 |
1 |
0 |
|a Manual de seguridad en Internet
|h [Recurso electrn̤ico]
|b Soluciones tecnicas y juridicas /
|c Antoni Martn̕ y Francisco de Quinto Zumr̀raga
|
| 256 |
|
|
|a Servicio en ln̕ea
|
| 260 |
|
|
|a [A Coruą] :
|b [Netbiblo],
|c 2003
|
| 506 |
1 |
|
|a Contenido solo disponible en los productos indicados
|d vLex Global
|d vLex Global (Academic Edition, excluding Law Schools)
|d vLex Global (U.S. Academic Edition, Law Schools)
|d vLex Global (U.S. Academic Edition, excluding Law Schools)
|d vLex Global (Academic Edition, Law Schools)
|
| 650 |
0 |
7 |
|2 Tesauro vLex
|a Civil
|
| 700 |
1 |
|
|a Quinto Zumr̀raga, Francisco de
|
| 740 |
0 |
|
|a vLex Libros (Servicios en ln̕ea)
|
| 856 |
4 |
0 |
|z Acceso restringido
|u http://vlex.com/source/seguridad-internet-315
|
| 942 |
|
|
|c BOOK
|
| 999 |
0 |
|
|a Civil Law
|b Spain
|